Top 10 Most Populus Suburbs of Dallas - Statistics

General Stats
  • This quiz has been taken 10 times
  • The average score is 8 of 10
Answer Stats
Hint Answer % Correct
Stockyards Fort Worth
90%
Vegas before Vegas Arlington
80%
Sports city USA Frisco
80%
HatCo Garland
80%
Dragon Boat Festival Irving
80%
Largest city in Texas with no major interstate Plano
80%
Koreatown Carrollton
70%
Heard Natural Science Museum & Wildlife Sanctuary Mckinney
70%
Epic waters indoor waterpark Grand Prairie
60%
The name is like mosquito Mesquite
60%
No matching quizzes found
Score Distribution
Percent of People with Each Score
Percentile by Number Answered
Your Score History
You have not taken this quiz